书目信息 |
| 题名: |
清华百年风雨实录
|
|
| 作者: | 李志伟 著 | |
| 分册: | ||
| 出版信息: | 北京 作家出版社 2011.04 |
|
| 页数: | 398页 | |
| 开本: | 25cm | |
| 丛书名: | ||
| 单 册: | ||
| 中图分类: | I253 , K820.6 | |
| 科图分类: | ||
| 主题词: | 报告文学--作品集--中国--当代 , 名人--生平事迹--中国 , 报告文学 , 名人 | |
| 电子资源: | ||
| ISBN: | 978-7-5063-5835-4 | |
| 000 | 00928nam0 2200277 45 | |
| 001 | 512 | |
| 005 | 20120601102924.92 | |
| 010 | @a978-7-5063-5835-4@dCNY42.00 | |
| 100 | @a20120328d2011 em y0chiy50 ea | |
| 101 | 0 | @achi |
| 102 | @aCN@b110000 | |
| 105 | @aab z 000zc | |
| 106 | @ar | |
| 200 | 1 | @a清华百年风雨实录@AQing Hua Bai Nian Feng Yu Shi Lu@f李志伟著@FLi Zhi Wei Zhu |
| 210 | @a北京@c作家出版社@d2011.04 | |
| 215 | @a398页@c图,地图,照片@d25cm | |
| 330 | @a本书以客观冷静的笔触,引领读者走进清华,聆听王国维、梁启超、赵元任等大师的治学之道;感受叶企孙、华罗庚等科学家的良知;重温朱镕基、胡锦涛、习近平等治国兴邦栋梁之材的成长历程。 | |
| 606 | 0 | @a报告文学@x作品集@y中国@z当代 |
| 606 | 0 | @a名人@x生平事迹@y中国 |
| 606 | 0 | @a报告文学 |
| 606 | 0 | @a名人 |
| 690 | @aI253@v4 | |
| 690 | @aK820.6@v4 | |
| 701 | 0 | @a李志伟@ALi Zhi Wei@4著 |
| 801 | 0 | @aCN@bTSTCL@c20120328 |
| 905 | @b0813220-24@dI253@e822@f5 | |
| 清华百年风雨实录/李志伟著.-北京:作家出版社,2011.04 |
| 398页:图,地图,照片;25cm |
| ISBN 978-7-5063-5835-4:CNY42.00 |
| 本书以客观冷静的笔触,引领读者走进清华,聆听王国维、梁启超、赵元任等大师的治学之道;感受叶企孙、华罗庚等科学家的良知;重温朱镕基、胡锦涛、习近平等治国兴邦栋梁之材的成长历程。 |
| ● |
| 相关链接 |
|
|
|
|
正题名:清华百年风雨实录
索取号:I253/822
 
预约/预借
| 序号 | 登录号 | 条形码 | 馆藏地/架位号 | 状态 | 备注 |
| 1 | 0813220 | 208132206 | 第一样本阅览室/ [索取号:I253/822] | 在馆 | |
| 2 | 0813221 | 208132215 | 第二借阅区/ [索取号:I253/822] | 在馆 | |
| 3 | 0813222 | 208132224 | 第二借阅区/ [索取号:I253/822] | 在馆 | |
| 4 | 0813223 | 208132233 | 第二借阅区/ [索取号:I253/822] | 在馆 | |
| 5 | 0813224 | 208132242 | 第二借阅区/ [索取号:I253/822] | 在馆 |